| 000 | 00695nam a2200121Ia 4500 | ||
|---|---|---|---|
| 008 | 220616s9999||||xx |||||||||||||| ||und|| | ||
| 100 | _aMunson, Lisa||Broome, Jeff | ||
| 245 | 0 | _aHip-Hop, Art, and Visual Culture: Connections, Influences, and Critical Discussions | |
| 546 | _aEnglish[eng] | ||
| 650 | _an/a||Bourdieu||copyright||porcelain||identity politics||art education||graffiti art||Roberto Lugo||authorship||culturally sustaining pedagogy||creativity||copyleft||Hip Hop||cultural capital||ceramics||hip-hop politics||class systems||technology||hip-hop studies||Rozeal||visual culture||Hip Hop pedagogy||culture||hip-hop | ||
| 856 | _uhttps://mdpi.com/books/pdfview/book/2156 | ||
| 942 | _cEB | ||
| 999 |
_c20441 _d20441 |
||